| 000 | 007040000a22002770004500 | ||
|---|---|---|---|
| 440 |
_aPolicy research and external affairs working papers WPS _b680 |
||
| 500 | _aBibliography: p.36-38 | ||
| 650 | _aPoverty alleviation | ||
| 650 | _aPoor | ||
| 650 | _aHunger | ||
| 650 | _aEconomic aid | ||
| 650 | _aFood supply | ||
| 650 | _aSocial participation | ||
| 650 | _aAgricultural policy | ||
| 650 | _aRural development | ||
| 082 |
_a339.46 _bR195o _cUN |
||
| 518 | _a991221 | ||
| 530 | _aM | ||
| 100 | _aRavallion, Martin | ||
| 245 | _aOn hunger and public action | ||
| 260 |
_aWashington, D.C. _bThe World Bank, USA |
||
| 260 | _c1991 | ||
| 041 | _aEng | ||
| 300 | _a38p. | ||
| 942 | _cGEN | ||
| 999 |
_c20300 _d20300 |
||